Parry's valuation and investment tables (Record no. 89132)

MARC details
000 -LEADER
fixed length control field 00665cam a2200253 4500
008 - FIXED-LENGTH DATA ELEMENTS--GENERAL INFORMATION
fixed length control field 1989
020 ## - INTERNATIONAL STANDARD BOOK NUMBER
International Standard Book Number 0728201461
035 ## - SYSTEM CONTROL NUMBER
System control number (Sirsi) u27594
041 ## - LANGUAGE CODE
Language code of text/sound track or separate title eng
050 ## - LIBRARY OF CONGRESS CALL NUMBER
Classification number 333.3320212
100 ## - MAIN ENTRY--PERSONAL NAME
Personal name Parry, Richard
245 ## - TITLE STATEMENT
Title Parry's valuation and investment tables
250 ## - EDITION STATEMENT
Edition statement 11th ed.
260 ## - PUBLICATION, DISTRIBUTION, ETC.
Place of publication, distribution, etc. London
Name of publisher, distributor, etc. Estates Gazette
Date of publication, distribution, etc. 1989
300 ## - PHYSICAL DESCRIPTION
Extent xxxi,330,(260)p. ; 22cm.
350 ## - PRICE (NR) (BK AM CF MU VM SE) [OBSOLETE]
Price 22
520 ## - SUMMARY, ETC.
Summary, etc. This edition by A.W. Davidson.
650 ## - SUBJECT ADDED ENTRY--TOPICAL TERM
Topical term or geographic name entry element COLLEGE OF ESTATE MANAGEMENT
650 ## - SUBJECT ADDED ENTRY--TOPICAL TERM
Topical term or geographic name entry element DAVIDSON A W
650 ## - SUBJECT ADDED ENTRY--TOPICAL TERM
Topical term or geographic name entry element INVESTMENT TABLES
650 ## - SUBJECT ADDED ENTRY--TOPICAL TERM
Topical term or geographic name entry element VALUATION TABLES
942 ## - ADDED ENTRY ELEMENTS (KOHA)
Suppress in OPAC 0
948 ## - LOCAL PROCESSING INFORMATION (OCLC); SERIES PART DESIGNATOR (RLIN)
c (OCLC) 04/03/1997
Holdings
Withdrawn status Lost status Source of classification or shelving scheme Damaged status Not for loan Home library Current library Shelving location Date acquired Cost, normal purchase price Total Checkouts Full call number Barcode Date last seen Copy number Cost, replacement price Price effective from Koha item type Date last checked out
    Dewey Decimal Classification     London London Basement 14/09/1999 22.00   SHELF 326 30002521 06/08/2019 1 22.00 06/08/2019 Reference material  
    Dewey Decimal Classification     London London Basement 09/12/2003   1 SHELF 326 30061331 06/08/2019 2   06/08/2019 Book 22/12/2005